[Event "GER-chT Christmas U20"]
[Site "Playchess.com INT"]
[Date "2020.12.29"]
[Round "6.3"]
[White "Killgus, Leonard"]
[Black "Holinka, Henning"]
[Result "0-1"]
[WhiteElo "1962"]
[BlackElo "2256"]
[PlyCount "50"]
[EventDate "2020.12.29"]
[EventType "team-swiss (blitz)"]
[EventRounds "7"]
[EventCountry "GER"]
[SourceTitle "CBM 200 Extra"]
[Source "ChessBase"]
[SourceDate "2021.03.31"]
[SourceVersion "1"]
[SourceVersionDate "2021.03.31"]
[SourceQuality "1"]
[WhiteTeam "Eppendorf Johanneum"]
[BlackTeam "Hamburger SK"]
[WhiteTeamCountry "GER"]
[BlackTeamCountry "GER"]

1. e4 a6 2. d4 b6 3. f3 Bb7 4. Be3 e6 5. Bd3 Ne7 6. Ne2 d5 7. 0-0 Nd7 8. Nd2 c5 9. c3 g6 10. Qe1 Qc7 11. Qf2 f5 12. Bf4 Qc6 13. exf5 gxf5 14. c4 0-0-0 15. Rfc1 dxc4 16. Nxc4 Nd5 17. Be5 Rg8 18. Rab1 Nb4 19. Nf4 Nxd3 20. Nxd3 Qxf3 21. Qxf3 Bxf3 22. Nf4 Be4 23. Ra1 Nxe5 24. Nxe5 Rxd4 25. Rf1 Bd6 0-1

[Event "GER-chT Christmas U20"]
[Site "Playchess.com INT"]
[Date "2020.12.29"]
[Round "7.3"]
[White "Sommer, Justus"]
[Black "Killgus, Leonard"]
[Result "1/2-1/2"]
[WhiteElo "1744"]
[BlackElo "1962"]
[PlyCount "80"]
[EventDate "2020.12.29"]
[EventType "team-swiss (blitz)"]
[EventRounds "7"]
[EventCountry "GER"]
[SourceTitle "CBM 200 Extra"]
[Source "ChessBase"]
[SourceDate "2021.03.31"]
[SourceVersion "1"]
[SourceVersionDate "2021.03.31"]
[SourceQuality "1"]
[WhiteTeam "Luebeck II"]
[BlackTeam "Eppendorf Johanneum"]
[WhiteTeamCountry "GER"]
[BlackTeamCountry "GER"]

1. e4 c5 2. Nf3 e6 3. c3 d5 4. exd5 Qxd5 5. Na3 Nf6 6. d4 cxd4 7. Nb5 Qd8 8. Nbxd4 Be7 9. Bd3 0-0 10. 0-0 b6 11. Bf4 Bb7 12. Qe2 Nbd7 13. Rad1 Qc8 14. Bb1 Re8 15. Ne5 Ba6 16. Bd3 Bxd3 17. Rxd3 Nd5 18. Bg3 Bd6 19. Rfd1 Nc5 20. Rf3 Bxe5 21. Bxe5 f6 22. Bg3 e5 23. Nf5 Qe6 24. b4 e4 25. bxc5 exf3 26. Qxe6+ Rxe6 27. cxb6 axb6 28. gxf3 Nxc3 29. Rd7 g6 30. Nh6+ Kh8 31. Nf7+ Kg8 32. Nd6 Rxa2 33. Rd8+ Kg7 34. Rd7+ Kh6 35. Bf4+ g5 36. Be3 Ne2+ 37. Kg2 Nf4+ 38. Bxf4 gxf4 39. Nf5+ Kg6 40. Nd4 Rd6 1/2-1/2

[Event "GER-chT Christmas U20"]
[Site "Playchess.com INT"]
[Date "2020.12.29"]
[Round "5.3"]
[White "Wander, Dennis"]
[Black "Killgus, Leonard"]
[Result "0-1"]
[WhiteElo "1595"]
[BlackElo "1962"]
[PlyCount "106"]
[EventDate "2020.12.29"]
[EventType "team-swiss (blitz)"]
[EventRounds "7"]
[EventCountry "GER"]
[SourceTitle "CBM 200 Extra"]
[Source "ChessBase"]
[SourceDate "2021.03.31"]
[SourceVersion "1"]
[SourceVersionDate "2021.03.31"]
[SourceQuality "1"]
[WhiteTeam "Delmenhorst"]
[BlackTeam "Eppendorf Johanneum"]
[WhiteTeamCountry "GER"]
[BlackTeamCountry "GER"]

1. e4 c5 2. Nf3 e6 3. d4 cxd4 4. Nxd4 a6 5. Nc3 b5 6. Qf3 Bb7 7. Bd3 Bc5 8. Nb3 Be7 9. Qg3 Nf6 10. a3 d6 11. 0-0 Nbd7 12. Bf4 Nh5 13. Qe3 Nxf4 14. Qxf4 0-0 15. Qg3 Ne5 16. Be2 Rc8 17. f4 Nc4 18. Rab1 Bh4 19. Qf3 Qb6+ 20. Kh1 Ne3 21. g3 f5 22. Qf2 Bf6 23. Nd1 Bxe4+ 24. Kg1 Bxc2 25. Nxe3 Bxb3 26. Nd1 Bd4 27. Nc3 Bxf2+ 28. Rxf2 Bc4 29. Bf3 d5 30. a4 Bd3 31. a5 Qxa5 32. Re1 Be4 33. Bxe4 fxe4 34. Ref1 Rxc3 35. bxc3 Qxc3 36. Kg2 Rc8 37. Kh3 e3 38. Rf3 d4 39. f5 exf5 40. Rxf5 Qc4 41. R5f4 h6 42. Kg4 Qe2+ 43. Kf5 Rf8+ 44. Ke4 Qxf1 45. Rxf1 Rxf1 46. Kxd4 e2 47. Kd3 e1Q 48. Kd4 Qd2+ 49. Kc5 Rc1+ 50. Kb6 Qd8+ 51. Kb7 Qd6 52. Ka8 Rc7 53. Kb8 Qd8# 0-1

[Event "Hamburg St Pauli op-A"]
[Site "Hamburg"]
[Date "2015.07.21"]
[Round "5"]
[White "Killgus, Leonard"]
[Black "Voege, Tobias"]
[Result "0-1"]
[WhiteElo "1831"]
[BlackElo "2171"]
[PlyCount "72"]
[EventDate "2015.07.18"]
[EventType "swiss"]
[EventRounds "9"]
[EventCountry "GER"]
[SourceTitle "EXT 2016"]
[Source "ChessBase"]
[SourceDate "2015.10.08"]
[SourceVersion "1"]
[SourceVersionDate "2015.10.08"]
[SourceQuality "1"]

1. e4 c5 2. Nf3 Nc6 3. d4 cxd4 4. Nxd4 g6 5. c4 Bg7 6. Nc2 Nf6 7. Nc3 a6 8. Be2 b5 9. cxb5 axb5 10. Bxb5 Nxe4 11. Bxc6 Nxc3 12. bxc3 Bxc3+ 13. Bd2 Bxd2+ 14. Qxd2 dxc6 15. Qxd8+ Kxd8 16. 0-0 Be6 17. Nb4 c5 18. Nd3 Bc4 19. Rfd1 Bxd3 20. Rxd3+ Kc7 21. Rc1 Kc6 22. Rdc3 Ra5 23. g3 Rd8 24. R1c2 Rd4 25. h4 Kd5 26. Kf1 e5 27. Ke2 c4 28. Rb2 f5 29. Rcc2 f4 30. Rb7 fxg3 31. fxg3 h5 32. Kf2 Rg4 33. Rd7+ Ke6 34. Rc7 Ra3 35. R7xc4 Raxg3 36. a4 Rg2+ 0-1

[Event "Hamburg St Pauli op-B"]
[Site "Hamburg"]
[Date "2014.07.23"]
[Round "5"]
[White "Killgus, Leonard"]
[Black "Harms, Friedjof"]
[Result "1/2-1/2"]
[WhiteElo "1732"]
[BlackElo "1866"]
[PlyCount "33"]
[EventDate "2014.07.19"]
[EventType "swiss"]
[EventRounds "9"]
[EventCountry "GER"]
[SourceTitle "CBM 161 Extra"]
[Source "ChessBase"]
[SourceDate "2014.08.29"]
[SourceVersion "1"]
[SourceVersionDate "2014.08.29"]
[SourceQuality "1"]

1. e4 e5 2. Nf3 Nc6 3. d4 exd4 4. Bc4 Nf6 5. 0-0 Nxe4 6. Re1 d5 7. Bxd5 Qxd5 8. Nc3 Qd8 9. Nxe4 Be7 10. Bg5 0-0 11. Bxe7 Nxe7 12. Qxd4 Qxd4 13. Nxd4 Nf5 14. Rad1 Nxd4 15. Rxd4 Bf5 16. f3 Rfe8 17. Kf2 1/2-1/2

[Event "GER-ch U14"]
[Site "Magdeburg"]
[Date "2014.06.09"]
[Round "3"]
[White "Killgus, Leonard"]
[Black "Riess, Alexander"]
[Result "0-1"]
[WhiteElo "1734"]
[BlackElo "1897"]
[PlyCount "102"]
[EventDate "2014.06.08"]
[EventType "swiss"]
[EventRounds "9"]
[EventCountry "GER"]
[SourceTitle "CBM 160 Extra"]
[Source "ChessBase"]
[SourceDate "2014.07.01"]
[SourceVersion "1"]
[SourceVersionDate "2014.07.01"]
[SourceQuality "1"]

1. e4 e6 2. d4 d5 3. Nd2 Nf6 4. e5 Nfd7 5. Bd3 c5 6. c3 Nc6 7. Ne2 cxd4 8. cxd4 f6 9. exf6 Nxf6 10. Nf3 Bd6 11. 0-0 Qc7 12. Bg5 0-0 13. Bh4 Nh5 14. Bg3 Nxg3 15. hxg3 Bd7 16. Rc1 g6 17. Bb1 Rae8 18. Qd3 Bc8 19. a3 Qf7 20. Nc3 Qg7 21. Rfd1 Rf7 22. Rd2 Bd7 23. Re1 a6 24. Ng5 Rf5 25. f4 Bb8 26. Nf3 Ba7 27. Qe3 Rff8 28. Nd1 Re7 29. Nf2 Rc8 30. Ng4 Ree8 31. Nge5 Bb8 32. Rdd1 Ba7 33. Nxc6 Bxc6 34. Ne5 Bb5 35. Rc1 a5 36. Bd3 Ba4 37. Nf3 Bd7 38. Rxc8 Rxc8 39. Bb5 Re8 40. Bxd7 Qxd7 41. Rc1 a4 42. Qc3 Qg7 43. Qb4 b5 44. Rc6 Qb7 45. Qc3 Bb6 46. Kh1 Ba5 47. Qc2 Re7 48. Ng5 Qd7 49. Qc5 h6 50. Rd6 Qe8 51. Nf3 Rc7 0-1

[Event "GER-ch U14"]
[Site "Magdeburg"]
[Date "2014.06.08"]
[Round "2"]
[White "Killgus, Leonard"]
[Black "Nothnagel, Marian Can"]
[Result "0-1"]
[WhiteElo "1734"]
[BlackElo "1910"]
[PlyCount "40"]
[EventDate "2014.06.08"]
[EventType "swiss"]
[EventRounds "9"]
[EventCountry "GER"]
[SourceTitle "CBM 160 Extra"]
[Source "ChessBase"]
[SourceDate "2014.07.01"]
[SourceVersion "1"]
[SourceVersionDate "2014.07.01"]
[SourceQuality "1"]

1. e4 e5 2. Nf3 d6 3. d4 exd4 4. Qxd4 Nf6 5. Nc3 Be7 6. Be3 0-0 7. Bc4 Nc6 8. Qd2 a6 9. h3 b5 10. Bd5 Nxd5 11. Nxd5 Re8 12. Nxe7+ Qxe7 13. 0-0-0 Qxe4 14. Ng5 Qg6 15. h4 h6 16. h5 Qf6 17. Nf3 Bg4 18. Rdg1 Re4 19. Qd5 Rc4 20. Nd2 Rxc2+ 0-1

[Event "GER-chT North U14"]
[Site "Magdeburg"]
[Date "2013.09.14"]
[Round "5.1"]
[White "Schulze, Lara"]
[Black "Killgus, Leonard"]
[Result "1-0"]
[WhiteElo "1561"]
[BlackElo "1668"]
[PlyCount "63"]
[EventDate "2013.09.12"]
[EventType "team-swiss"]
[EventRounds "7"]
[EventCountry "GER"]
[SourceTitle "EXT 2014"]
[Source "ChessBase"]
[SourceDate "2013.11.20"]
[SourceVersion "1"]
[SourceVersionDate "2013.11.20"]
[SourceQuality "1"]
[WhiteTeam "Lehrte"]
[BlackTeam "Hamburg Eppendorf"]
[WhiteTeamCountry "GER"]
[BlackTeamCountry "GER"]

1. d4 Nf6 2. c4 g6 3. Nc3 d5 4. cxd5 Nxd5 5. e4 Nxc3 6. bxc3 Bg7 7. Bc4 0-0 8. Ne2 c5 9. Be3 Nc6 10. Rc1 Qc7 11. Qd2 Rd8 12. h4 Rb8 13. Bf4 e5 14. Bg5 Rd7 15. d5 b5 16. Bd3 c4 17. Bc2 Nd8 18. h5 Qd6 19. hxg6 fxg6 20. Ng3 Nb7 21. Rb1 a6 22. f3 Nc5 23. Be3 Rd8 24. Qf2 Bf8 25. Ke2 Rb7 26. Nf1 Bd7 27. Qh4 Be8 28. Bxc5 Qxc5 29. Qxd8 Qe7 30. Qxe7 Bxe7 31. Ne3 Bd7 32. Nxc4 1-0

[Event "Hamburg St Pauli op-B"]
[Site "Hamburg"]
[Date "2013.07.10"]
[Round "6"]
[White "Killgus, Leonard"]
[Black "Janke, Hendrik"]
[Result "1/2-1/2"]
[WhiteElo "1762"]
[BlackElo "1809"]
[PlyCount "83"]
[EventDate "2013.07.06"]
[EventType "swiss"]
[EventRounds "9"]
[EventCountry "GER"]
[SourceTitle "EXT 2014"]
[Source "ChessBase"]
[SourceDate "2013.11.20"]
[SourceVersion "1"]
[SourceVersionDate "2013.11.20"]
[SourceQuality "1"]

1. e4 c5 2. Nf3 d6 3. d4 cxd4 4. Nxd4 Nf6 5. Nc3 a6 6. Be3 b5 7. a4 e5 8. Nf3 b4 9. Nd5 Nbd7 10. Bc4 Nc5 11. Ng5 Be6 12. f3 Rb8 13. Bxc5 dxc5 14. Nxf6+ Qxf6 15. Nxe6 fxe6 16. Bxa6 Be7 17. 0-0 g5 18. Qe2 h5 19. a5 Kf7 20. Bc4 Bd8 21. a6 Bb6 22. Rfd1 Qe7 23. Kh1 Rbd8 24. Bb5 Rxd1+ 25. Rxd1 Rd8 26. Ra1 Ba7 27. Rd1 Kf6 28. Bc4 Rd6 29. Rxd6 Qxd6 30. Qd3 Qd4 31. c3 Qf2 32. Qe2 Qxe2 33. Bxe2 Ke7 34. Bc4 Bb6 35. h3 Kd6 36. Kh2 h4 37. g3 Kc6 38. gxh4 gxh4 39. Kg2 bxc3 40. bxc3 Ba5 41. f4 exf4 42. Bxe6 1/2-1/2

[Event "GER-ch U14"]
[Site "Oberhof"]
[Date "2013.05.25"]
[Round "9"]
[White "Killgus, Leonard"]
[Black "Spitzl, Vinzent"]
[Result "1/2-1/2"]
[WhiteElo "1662"]
[BlackElo "1806"]
[PlyCount "53"]
[EventDate "2013.05.19"]
[EventType "swiss"]
[EventRounds "9"]
[EventCountry "GER"]
[SourceTitle "CBM 154 Extra"]
[Source "ChessBase"]
[SourceDate "2013.06.25"]
[SourceVersion "2"]
[SourceVersionDate "2013.06.25"]
[SourceQuality "1"]

1. e4 e5 2. Nf3 Nc6 3. d4 exd4 4. Bc4 Be7 5. c3 Nf6 6. 0-0 d6 7. cxd4 0-0 8. Re1 d5 9. exd5 Nxd5 10. Nc3 Nb6 11. Bb3 Bf6 12. Be3 Bg4 13. d5 Ne5 14. Bxb6 axb6 15. Kh1 g6 16. Ne4 Bg7 17. Rb1 Nxf3 18. gxf3 Bf5 19. Qd2 Qh4 20. Rbd1 Rad8 21. Ng3 Bh3 22. Qe2 Qf6 23. Rc1 c6 24. Ne4 Qxb2 25. Rc2 Qd4 26. dxc6 bxc6 27. Rxc6 1/2-1/2

[Event "GER-ch U14"]
[Site "Oberhof"]
[Date "2013.05.24"]
[Round "8"]
[White "Karsay, Pascal"]
[Black "Killgus, Leonard"]
[Result "0-1"]
[WhiteElo "1693"]
[BlackElo "1662"]
[PlyCount "59"]
[EventDate "2013.05.19"]
[EventType "swiss"]
[EventRounds "9"]
[EventCountry "GER"]
[SourceTitle "CBM 154 Extra"]
[Source "ChessBase"]
[SourceDate "2013.06.25"]
[SourceVersion "2"]
[SourceVersionDate "2013.06.25"]
[SourceQuality "1"]

1. e4 e5 2. Nf3 Nc6 3. Bc4 Nf6 4. d3 Bc5 5. 0-0 d6 6. c3 0-0 7. Bb3 Bb6 8. h3 Ne7 9. Be3 Ng6 10. Bc2 Qe7 11. Re1 Nh5 12. d4 Nhf4 13. Nbd2 Bd7 14. Nf1 Rad8 15. Ng3 Qf6 16. Nf5 Bxf5 17. exf5 Ne7 18. g4 Ned5 19. h4 Rde8 20. g5 Qd8 21. a3 f6 22. Kh1 fxg5 23. Nxg5 h6 24. Bxf4 Nxf4 25. Nf3 Kh8 26. Qd2 Qf6 27. Re4 Qxf5 28. Rg1 Qh3+ 29. Nh2 Qxh4 30. Qd3 0-1

[Event "GER-ch U14"]
[Site "Oberhof"]
[Date "2013.05.20"]
[Round "3"]
[White "Urban, Konstantin"]
[Black "Killgus, Leonard"]
[Result "1-0"]
[WhiteElo "1819"]
[BlackElo "1662"]
[PlyCount "79"]
[EventDate "2013.05.19"]
[EventType "swiss"]
[EventRounds "9"]
[EventCountry "GER"]
[SourceTitle "CBM 154 Extra"]
[Source "ChessBase"]
[SourceDate "2013.06.25"]
[SourceVersion "2"]
[SourceVersionDate "2013.06.25"]
[SourceQuality "1"]

1. e4 e5 2. Nf3 Nf6 3. Nc3 Bb4 4. Nxe5 0-0 5. Nd3 Bxc3 6. dxc3 Nxe4 7. Be2 d6 8. Bf4 Nd7 9. 0-0 Ng5 10. Qd2 Ne6 11. Bg3 Nf6 12. Bf3 Nd7 13. Be2 Nf6 14. Bf3 Nd7 15. Rfe1 h6 16. Bd1 Qf6 17. f4 Ndc5 18. Bf3 Rb8 19. Nb4 Qd8 20. h4 Nd7 21. Nd5 Nf6 22. c4 Bd7 23. b4 Re8 24. c3 Bc6 25. Re2 a5 26. a3 Bxd5 27. cxd5 Nf8 28. Rae1 Rxe2 29. Rxe2 axb4 30. axb4 Qd7 31. Bf2 Ng6 32. g3 h5 33. Kg2 Ng4 34. Bd4 f5 35. Qe1 Kf7 36. Qb1 Re8 37. Re6 Nf8 38. Qxf5+ Kg8 39. Qxh5 Nh6 40. Qxe8 1-0

[Event "GER-chT North U12"]
[Site "Magdeburg"]
[Date "2012.09.07"]
[Round "4.1"]
[White "Focke, Adrian"]
[Black "Killgus, Leonard"]
[Result "1/2-1/2"]
[WhiteElo "1305"]
[BlackElo "1557"]
[PlyCount "92"]
[EventDate "2012.09.06"]
[EventType "team-swiss"]
[EventRounds "7"]
[EventCountry "GER"]
[SourceTitle "EXT 2015"]
[Source "ChessBase"]
[SourceDate "2014.11.20"]
[SourceVersion "1"]
[SourceVersionDate "2014.11.20"]
[SourceQuality "1"]
[WhiteTeam "Schwerin"]
[BlackTeam "Hamburg Eppendorf"]
[WhiteTeamCountry "GER"]
[BlackTeamCountry "GER"]

1. e4 e5 2. Nf3 Nc6 3. d4 exd4 4. Nxd4 Nf6 5. Bg5 Be7 6. Nc3 0-0 7. Qd2 d5 8. Nxc6 bxc6 9. Bxf6 Bxf6 10. exd5 Re8+ 11. Be2 cxd5 12. 0-0 c6 13. Bf3 Bf5 14. Rad1 Bg6 15. b3 Qc7 16. Ne2 Rad8 17. Ng3 Qd6 18. c4 d4 19. Rfe1 Rxe1+ 20. Qxe1 Be5 21. Nf1 c5 22. Kh1 Bf4 23. Qe2 Qe6 24. Qxe6 fxe6 25. g3 Bc7 26. Kg1 Ba5 27. Nd2 Bxd2 28. Rxd2 Kf7 29. Kf1 Ke7 30. Ke2 Kd6 31. Bg2 Rf8 32. f4 Re8 33. Kf2 e5 34. fxe5+ Rxe5 35. Bd5 Be4 36. Bxe4 Rxe4 37. Re2 Ke5 38. Rxe4+ Kxe4 39. Ke2 Ke5 40. Kd3 Kd6 41. a3 a5 42. Ke4 Kc6 43. Kd3 a4 44. Kc2 Kb6 45. bxa4 Ka5 46. Kb3 Ka6 1/2-1/2

[Event "GER-chT North U12"]
[Site "Magdeburg"]
[Date "2012.09.06"]
[Round "1.1"]
[White "Killgus, Leonard"]
[Black "Kololli, Kevin"]
[Result "0-1"]
[WhiteElo "1557"]
[BlackElo "1823"]
[PlyCount "96"]
[EventDate "2012.09.06"]
[EventType "team-swiss"]
[EventRounds "7"]
[EventCountry "GER"]
[SourceTitle "EXT 2015"]
[Source "ChessBase"]
[SourceDate "2014.11.20"]
[SourceVersion "1"]
[SourceVersionDate "2014.11.20"]
[SourceQuality "1"]
[WhiteTeam "Hamburg Eppendorf"]
[BlackTeam "Luebeck"]
[WhiteTeamCountry "GER"]
[BlackTeamCountry "GER"]

1. e4 c5 2. Nf3 d6 3. d4 cxd4 4. Nxd4 Nf6 5. Nc3 g6 6. Be3 Bg7 7. f3 Nc6 8. Qd2 0-0 9. g4 Be6 10. 0-0-0 Rc8 11. h4 Nb4 12. Kb1 d5 13. Nxe6 fxe6 14. e5 Nd7 15. f4 Nb6 16. a3 Na6 17. Bxb6 Qxb6 18. Bxa6 bxa6 19. Ne2 Rb8 20. Qd4 Qb5 21. Nc1 Rxf4 22. Qc3 Rc4 23. Qb3 Qxb3 24. Nxb3 Rxg4 25. Rde1 Rb5 26. h5 d4 27. hxg6 hxg6 28. Nd2 Bxe5 29. Nc4 Rg5 30. b3 Kf7 31. a4 Rd5 32. Ref1+ Rf5 33. Rfg1 Bg7 34. Rg2 g5 35. Rd2 Rf4 36. Kc1 Rdf5 37. Kd1 e5 38. Re2 e4 39. Kd2 Rf2 40. Rh2 Rxe2+ 41. Rxe2 Rf4 42. Na5 e5 43. Nc6 e3+ 44. Kd1 e4 45. Nb4 Ke6 46. Nxa6 Rf1+ 47. Re1 Rxe1+ 48. Kxe1 g4 0-1

[Event "GER-ch U12"]
[Site "Oberhof"]
[Date "2012.06.01"]
[Round "9"]
[White "Killgus, Leonard"]
[Black "Herbrig, Alexander"]
[Result "0-1"]
[WhiteElo "1374"]
[BlackElo "1662"]
[PlyCount "64"]
[EventDate "2012.05.27"]
[EventType "swiss"]
[EventRounds "11"]
[EventCountry "GER"]
[SourceTitle "CBM 148 Extra"]
[Source "ChessBase"]
[SourceDate "2012.06.22"]
[SourceVersion "1"]
[SourceVersionDate "2012.06.22"]
[SourceQuality "1"]

1. e4 c5 2. Nf3 Nc6 3. d4 cxd4 4. Nxd4 Nf6 5. Nc3 d6 6. h3 e5 7. Nf3 Be7 8. Bc4 Be6 9. Bb3 Bxb3 10. axb3 0-0 11. 0-0 a6 12. g4 Nb4 13. Qe2 Qc7 14. Rd1 Rac8 15. Bd2 Rfd8 16. Be1 h6 17. Rac1 Qb8 18. Nd5 Nbxd5 19. exd5 Nh7 20. c4 b6 21. Ra1 Qb7 22. b4 Ng5 23. Nxg5 Bxg5 24. b3 Bf4 25. Bd2 Bxd2 26. Rxd2 g6 27. Qe3 Kh7 28. Rda2 Ra8 29. g5 hxg5 30. Qxg5 Kg7 31. Rxa6 Rxa6 32. Rxa6 f6 0-1

[Event "GER-ch U12"]
[Site "Oberhof"]
[Date "2012.06.01"]
[Round "10"]
[White "Torgashov, Katerina"]
[Black "Killgus, Leonard"]
[Result "1/2-1/2"]
[WhiteElo "1222"]
[BlackElo "1374"]
[PlyCount "109"]
[EventDate "2012.05.27"]
[EventType "swiss"]
[EventRounds "11"]
[EventCountry "GER"]
[SourceTitle "CBM 148 Extra"]
[Source "ChessBase"]
[SourceDate "2012.06.22"]
[SourceVersion "1"]
[SourceVersionDate "2012.06.22"]
[SourceQuality "1"]

1. e4 e5 2. Nf3 Nc6 3. Nc3 Nf6 4. d4 exd4 5. Nxd4 Bb4 6. Nxc6 bxc6 7. Bd3 0-0 8. 0-0 d5 9. exd5 cxd5 10. Bg5 c6 11. Qf3 Be7 12. Rae1 Re8 13. h3 Be6 14. Ne2 Rb8 15. Nd4 Bd7 16. b3 c5 17. Nf5 Bxf5 18. Qxf5 Qc8 19. Qxc8 Rbxc8 20. Bb5 Ne4 21. Bxe8 Bxg5 22. Bb5 Nd2 23. Re5 Nxf1 24. Kxf1 Bf6 25. Rxd5 Kf8 26. Rd7 a6 27. Bxa6 Ra8 28. Bc4 Rxa2 29. Rxf7+ Ke8 30. Rc7 Rxc2 31. Rxc5 Rxf2+ 32. Kxf2 Bd4+ 33. Kf3 Bxc5 34. Ke4 Kd7 35. Kd5 Ba3 36. Bb5+ Kc7 37. Kc4 Kb8 38. b4 Bb2 39. Kc5 h6 40. g4 Bf6 41. Bd3 Bg5 42. b5 Bf6 43. Kc6 Bg5 44. b6 Bf6 45. b7 Bg5 46. Be4 Bf6 47. Kd6 Bg5 48. Ke5 Bf6+ 49. Kf4 Bg5+ 50. Kg3 Bf6 51. h4 Be5+ 52. Kh3 Bb2 53. g5 hxg5 54. hxg5 Be5 55. g6 1/2-1/2

[Event "GER-ch U12"]
[Site "Oberhof"]
[Date "2012.05.29"]
[Round "5"]
[White "Hesse, Henrik"]
[Black "Killgus, Leonard"]
[Result "1-0"]
[WhiteElo "1489"]
[BlackElo "1374"]
[PlyCount "46"]
[EventDate "2012.05.27"]
[EventType "swiss"]
[EventRounds "11"]
[EventCountry "GER"]
[SourceTitle "CBM 148 Extra"]
[Source "ChessBase"]
[SourceDate "2012.06.22"]
[SourceVersion "1"]
[SourceVersionDate "2012.06.22"]
[SourceQuality "1"]

1. e4 e5 2. Nf3 Nc6 3. Bc4 Nf6 4. d3 Bc5 5. c3 a6 6. 0-0 d6 7. Bb3 Ba7 8. Re1 Be6 9. Nbd2 0-0 10. Nf1 h6 11. Ng3 Ne7 12. d4 Ng6 13. d5 Bg4 14. h3 Bxf3 15. Qxf3 Nh7 16. Nf5 Ng5 17. Qg4 Kh7 18. h4 f6 19. hxg5 fxg5 20. Be3 Nf4 21. Bxf4 exf4 22. Qh5 Qf6 23. Bd1 Rh8 1-0

[Event "GER-ch U12"]
[Site "Oberhof"]
[Date "2012.05.28"]
[Round "4"]
[White "Killgus, Leonard"]
[Black "Christiansen, Anna"]
[Result "1-0"]
[WhiteElo "1374"]
[BlackElo "924"]
[PlyCount "33"]
[EventDate "2012.05.27"]
[EventType "swiss"]
[EventRounds "11"]
[EventCountry "GER"]
[SourceTitle "CBM 148 Extra"]
[Source "ChessBase"]
[SourceDate "2012.06.22"]
[SourceVersion "1"]
[SourceVersionDate "2012.06.22"]
[SourceQuality "1"]

1. e4 e5 2. Nf3 Nc6 3. Bc4 Bc5 4. b4 Bxb4 5. c3 Bc5 6. d4 exd4 7. cxd4 Bb4+ 8. Kf1 d6 9. d5 Ne5 10. Nxe5 dxe5 11. Qa4+ Bd7 12. Qxb4 Nf6 13. f3 Qc8 14. Kf2 c5 15. dxc6 bxc6 16. Ba3 a5 17. Qe7# 1-0

[Event "GER-ch U12"]
[Site "Oberhof"]
[Date "2012.05.28"]
[Round "3"]
[White "Zienert, Richard"]
[Black "Killgus, Leonard"]
[Result "1-0"]
[WhiteElo "1649"]
[BlackElo "1374"]
[PlyCount "39"]
[EventDate "2012.05.27"]
[EventType "swiss"]
[EventRounds "11"]
[EventCountry "GER"]
[SourceTitle "CBM 148 Extra"]
[Source "ChessBase"]
[SourceDate "2012.06.22"]
[SourceVersion "1"]
[SourceVersionDate "2012.06.22"]
[SourceQuality "1"]

1. e4 e5 2. Nf3 Nc6 3. Bb5 Bc5 4. 0-0 Nd4 5. Nxd4 Bxd4 6. c3 Bb6 7. d4 c6 8. Bc4 d6 9. dxe5 dxe5 10. Qh5 Qe7 11. Bg5 Nf6 12. Bxf6 Qxf6 13. Nd2 0-0 14. Nf3 Bc7 15. Rad1 Qf4 16. Ng5 h6 17. Nxf7 Rxf7 18. Rd3 Bg4 19. Bxf7+ Kf8 20. Qg6 1-0

[Event "Hamburg St Pauli op-B"]
[Site "Hamburg"]
[Date "2011.07.12"]
[Round "5"]
[White "Zumholz, Jan"]
[Black "Killgus, Leonard"]
[Result "1/2-1/2"]
[WhiteElo "1374"]
[BlackElo "1076"]
[PlyCount "126"]
[EventDate "2011.07.09"]
[EventType "swiss"]
[EventRounds "9"]
[EventCountry "GER"]
[SourceTitle "CBM 143 Extra"]
[Source "ChessBase"]
[SourceDate "2011.08.29"]
[SourceVersion "1"]
[SourceVersionDate "2011.08.29"]
[SourceQuality "1"]

1. e4 e5 2. Nf3 Nc6 3. Nc3 Nf6 4. Bc4 Nxe4 5. Nxe4 d5 6. Bb5 dxe4 7. Nxe5 Qg5 8. d4 Qxg2 9. Rf1 Bd6 10. Nxc6 bxc6 11. Bxc6+ Ke7 12. Bxa8 Ba6 13. Bxe4 Qxe4+ 14. Be3 Bxf1 15. Kxf1 Bxh2 16. Ke2 Qg4+ 17. f3 Qg2+ 18. Kd3 Qg6+ 19. Kd2 Qg2+ 20. Kc3 Bd6 21. b4 Rb8 22. a3 a5 23. Rb1 axb4+ 24. axb4 h5 25. Kc4 h4 26. c3 h3 27. Kb3 h2 28. Qh1 Qxh1 29. Rxh1 Kf6 30. Kc4 g5 31. Kd3 g4 32. fxg4 Rg8 33. g5+ Rxg5 34. Bxg5+ Kxg5 35. Ke3 Kg4 36. Kf2 f5 37. Kg2 Bg3 38. Rf1 f4 39. c4 f3+ 40. Kh1 Kf4 41. d5 Ke3 42. c5 Ke2 43. Rb1 Ke3 44. b5 Kd4 45. b6 Kxc5 46. bxc7 Bxc7 47. Rc1+ Kb6 48. Rc6+ Kb7 49. Rf6 Bb8 50. Rxf3 Kb6 51. Rc3 Be5 52. Rc1 Bf4 53. Rc6+ Kb7 54. Rf6 Be5 55. Re6 Bf4 56. Re1 Kc7 57. Kg2 Kd7 58. Kf3 Bc7 59. Ke4 Bd6 60. Kf5 Bc7 61. Ke4 Bd6 62. Kd4 Bf8 63. Rf1 Be7 1/2-1/2

[Event "Hamburg St Pauli op-B"]
[Site "Hamburg"]
[Date "2011.07.11"]
[Round "4"]
[White "Killgus, Leonard"]
[Black "Giede, Anna Blume"]
[Result "1-0"]
[WhiteElo "1076"]
[BlackElo "1037"]
[PlyCount "45"]
[EventDate "2011.07.09"]
[EventType "swiss"]
[EventRounds "9"]
[EventCountry "GER"]
[SourceTitle "CBM 143 Extra"]
[Source "ChessBase"]
[SourceDate "2011.08.29"]
[SourceVersion "1"]
[SourceVersionDate "2011.08.29"]
[SourceQuality "1"]

1. e4 c5 2. Nf3 e6 3. d4 cxd4 4. Nxd4 Nf6 5. Nc3 Bb4 6. f3 0-0 7. Be3 Re8 8. Qd2 b6 9. 0-0-0 Bb7 10. g4 d5 11. h4 Nc6 12. Nde2 Re7 13. h5 h6 14. g5 hxg5 15. Bxg5 Re8 16. h6 g6 17. e5 Nxe5 18. Qf4 Be7 19. Qxe5 Bc6 20. Ne4 Rf8 21. Nxf6+ Bxf6 22. Bxf6 Qb8 23. h7# 1-0

[Event "Hamburg St Pauli op-B"]
[Site "Hamburg"]
[Date "2011.07.09"]
[Round "1"]
[White "Killgus, Leonard"]
[Black "Svane, Frederik"]
[Result "0-1"]
[WhiteElo "1076"]
[BlackElo "1699"]
[PlyCount "68"]
[EventDate "2011.07.09"]
[EventType "swiss"]
[EventRounds "9"]
[EventCountry "GER"]
[SourceTitle "CBM 143 Extra"]
[Source "ChessBase"]
[SourceDate "2011.08.29"]
[SourceVersion "1"]
[SourceVersionDate "2011.08.29"]
[SourceQuality "1"]

1. e4 c5 2. Nf3 Nc6 3. d4 cxd4 4. Nxd4 Nf6 5. Nc3 e5 6. Ndb5 d6 7. Bg5 a6 8. Na3 b5 9. Nd5 Be7 10. Bxf6 Bxf6 11. Be2 Bg5 12. 0-0 0-0 13. c3 Kh8 14. Re1 g6 15. Bf1 Be6 16. Nc2 f5 17. Ncb4 Nxb4 18. Nxb4 Be7 19. Nc6 Qd7 20. Nxe7 Qxe7 21. Qd2 Rad8 22. a4 Qb7 23. exf5 gxf5 24. axb5 axb5 25. f4 Rg8 26. fxe5 dxe5 27. Qh6 Rg6 28. Qe3 e4 29. Ra7 Qd5 30. Be2 Rdg8 31. Bf1 Rg4 32. c4 bxc4 33. Qc3+ R8g7 34. Be2 Qc5+ 0-1